00589nam a22001817a 4500999001500000003000800015008004100023020001800064041001300082082001600095100002900111245003900140260003900179300001000218942001300228945005300241952011300294 c1740d1740SLTCLib251203b ce ||||| |||| 00| 0 eng d a9781118727140 aEnglish  a005.14bOBE aObermeier, Barbara93192 aPhotoshop Elements 12 for Dummies  aHobokenbJohn Wiley and Sonsc2013 a423p. 2ddccMLN a3725bIshara wickramagec3725dIshara wickramage 00102ddc40708LECaSLTCbSLTCcLESd2025-12-03eDonationo005.14 OBEp001043r2025-12-03w2025-12-03yMLN